00844nam a2200217Ia 4500003000400000005001700004008004100021020001800062040001800080041000800098082002100106100002100127245016900148250001200317260003300329300002500362650000900387651007800396651004900474651010300523OSt20240427111322.0210716s2007 xx 000 0 und d a9780691120201 cAIMIT LIBRARY aeng a374.22 21bKHUR aKhurana, Rakesh. aFrom higher aim to hired hands: bsocial transformation of american business schools and the unfulfilled promise of management as a profession /cBy Rakesh Khurana a1st ed. aOxford :bPrinceton ,c2007. aviii,331p. ;bPBcHB aNone aThe professionalization project in American business education, 1881-1941 aThe institutionalization of business schools aThe triumph of the market and the abandonment of the professionalization project 1970 the presenmt